Sports Quiz

Random Sports or Numbers Quiz

NFL QB Playoff Wins (2000s) Quiz Stats

 Plays Quiz Updated Mar 8, 2017

Score 0/35 Timer 04:00
27 Plays Today
Number of Wins (Teams) Quarterback % Correct
14 (Patriots)Tom Brady
99.5%
9 (Colts)Peyton Manning
99.1%
4 (Giants)Eli Manning
98.7%
9 (Eagles)Donovan McNabb
94.7%
6 (Rams, Cardinals)Kurt Warner
93.6%
4 (Packers/Vikings)Brett Favre
91.4%
4 (Saints)Drew Brees
89%
8 (Steelers)Ben Roethlisberger
87.6%
3 (Chargers)Philip Rivers
85.9%
5 (Titans)Steve McNair
82.2%
2 (Ravens)Joe Flacco
80.4%
5 (Panthers)Jake Delhomme
78.5%
4 (Seahawks)Matt Hasselbeck
77.8%
2 (Falcons)Michael Vick
74.4%
4 (Raiders)Rich Gannon
70.1%
2 (49ers, Eagles)Jeff Garcia
64.6%
4 (Ravens)Trent Dilfer
63.9%
2 (Giants)Kerry Collins
63.5%
Number of Wins (Teams) Quarterback % Correct
2 (Vikings)Daunte Culpepper
62.2%
2 (Jets)Chad Pennington
62%
2 (Jets)Mark Sanchez
61.3%
2 (Bears)Rex Grossman
61.3%
4 (Redskins, Buccaneers)Brad Johnson
59.3%
1 (Cowboys)Tony Romo
57.1%
2 (Jaguars, Redskins)Mark Brunell
56.8%
1 (Rams)Marc Bulger
52.7%
1 (Jaguars)David Garrard
51.2%
1 (Broncos)Jake Plummer
42%
1 (Saints)Aaron Brooks
37.1%
1 (Steelers)Kordell Stewart
34.5%
1 (Steelers)Tommy Maddox
33.8%
1 (Dolphins)Jay Fiedler
20.3%
1 (Buccaneers)Shaun King
18.5%
1 (Ravens)Elvis Grbac
15.1%
1 (Vikings)Jeff George
10.7%

You're not logged in!

Compare scores with friends on all Sporcle quizzes.
OR
Log In

Sporcle TV

Today on Sporcle TV


Watch our educational content, quiz creation guides, and fun videos on Sporcle TV.

Show Comments

Extras

Top Quizzes Today


Score Distribution

Your Account Isn't Verified!

In order to create a playlist on Sporcle, you need to verify the email address you used during registration. Go to your Sporcle Settings to finish the process.

Report this User

Report this user for behavior that violates our Community Guidelines.

Details: